| 000 | 00892nam a2200253Ia 4500 | ||
|---|---|---|---|
| 003 | OSt | ||
| 005 | 20220923223402.0 | ||
| 006 | a|||||r|||| 00| 0 | ||
| 007 | ta | ||
| 008 | 220922b |||||||| |||| 00| 0 hin d | ||
| 024 | _a214,577 | ||
| 037 | _cTextual | ||
| 040 |
_aARTS _cARTS _bhin |
||
| 041 |
_2hin _ahin |
||
| 082 | _aO152,8N063x, M2;N0 | ||
| 100 | _aकाका हाथरसी, संपा. | ||
| 245 | 0 | _aश्रेष्ठ हास्य - व्यंग्य कहानियॉं | |
| 246 | _aShreṣhṭha hāsya - vyangya kahāniyaॉan | ||
| 260 |
_aदिल्ली _b प्रभात प्रका0 _c1990 |
||
| 300 |
_a183 पृ. _ccm. |
||
| 650 |
_aहिन्दी साहित्य _9156264 |
||
| 942 |
_hO152,8N063x, M2;N0 _cTEXL _2CC |
||
| 999 |
_c364508 _d364508 |
||